| 000 | 00408cam a22001097a 4500 | ||
|---|---|---|---|
| 008 | 180718b xxu||||| |||| 00| 0 eng d | ||
| 082 | _aK1201x5452 M267f | ||
| 245 |
_aThe fundamental rules and the subsidiary rules of the Madras government _cby Finance Department, Tamil Nadu |
||
| 260 |
_aMadras _bFinance Department _c |
||
| 500 | _aContents: Library has 1963, 1977, 1981 | ||
| 700 | _aTamil Nadu. Finance Department | ||
| 999 |
_c499705 _d499705 |
||